Normal view
MARC view
- Physical sciences.
Entry Topical Term
001 - CONTROL NUMBER
- control field: 47230
003 - CONTROL NUMBER IDENTIFIER
- control field: OSt
005 - DATE AND TIME OF LATEST TRANSACTION
- control field: 20221220191610.0
008 - FIXED-LENGTH DATA ELEMENTS
- fixed length control field: 221220|| aca||aabn | a|a d
040 ## - CATALOGING SOURCE
- Original cataloging agency: OSt
- Transcribing agency: OSt
150 ## - HEADING--TOPICAL TERM
- Topical term or geographic name entry element: Physical sciences.
670 ## - SOURCE DATA FOUND
- Source citation: Work cat.: (OSt): Core concepts in physics :, ©2020.
